000 01649nam0a2200337 4500
001 RU\NLR\BIBL_A\012328886
005 20200922113229.0
010 _a978-5-907231-91-7
_9500
021 _aRU
_bКН-П-20-026035
_9КН-П-20-2013
035 _a(NLR Aleph) 012328886
035 _a(RuMoRGB)010329701
090 _a11461957
_c11461957
100 _a20200909d2020 u y0rusy50 ca
101 0 _arus
102 _aRU
105 _ay|||j|||000zy
181 0 _ai
_baxxe
182 0 _an
200 1 _aАрбитражный процесс
_eучебно-методическое пособие
_e[для студентов юридических факультетов университетов и институтов, профиль подготовки - юрист-бакалавр
_fВ. П. Сорокин, кандидат юр. наук, доцент]
203 _aТекст
_bвизуальный
_cнепосредственный
210 _aРостов-на-Дону
_cФонд науки и образования
_d2020
215 _a48 с.
_d21
320 _aБиблиогр.: с. 47-48
606 1 _aАрбитражный процесс
_yРоссийская Федерация
_jУчебно-методические пособия для высших учебных заведений
_2nlr_sh1
_2nlr_sh2
_3RU\NLR\AUTH\661254870
686 1 _aХ629.221я73
702 1 _aСорокин
_bВ. П.
_cканд. юрид. наук
_gВладислав Петрович
_3RU\NLR\AUTH\770220824
_4220
942 _cBOOK
980 _aNBR
980 _aNB